Statistiques concernant Pays avec le plus grand nombre d'espèces

Cliquez ici pour prendre le quiz!

Statistiques générales

  • Ce quiz a été pris 4,016 fois
  • Le résultat moyen est 15 sur 20

Statistiques - réponses

Espèces Pays % Correct
59 851Brésil
97%
34 687Chine
95%
21 474Etats-Unis
93%
17 974Australie
93%
12 468Russie
91%
21 020Inde
88%
28 836Mexique
82%
54 649Colombie
80%
20 081Pérou
80%
32 680Indonésie
80%
25 052Afrique du Sud
76%
13 107Rép dém du Congo
73%
23 429Venezuela
71%
19 561Bolivie
68%
13 340Thaïlande
65%
22 065Équateur
63%
12 034Viêt Nam
59%
17 171Malaisie
56%
13 630Costa Rica
43%
13 115Papouasie-Nouvelle-Guinée
36%

Distribution des résultats

Percentile by Number Answered

% des personnes avec chaque résultat

Votre développement - résultats

Vous n’avez pas pris ce quiz